Zonai Devices of Tears of the Kingdom (TOTK) - Statistics

General Stats
  • This quiz has been taken 29 times
  • The average score is 20 of 27
Answer Stats
Usage Answer % Correct
Can push objects through water or the air using the wind Fan
95%
Can glide through the sky without stamina Wing
95%
Can make zonai devices last longer without stressing battery Battery
91%
Can create a portable water source to put out fires or sludge Hydrant
86%
Can make controlling zonai devices and toggling them easier Steering Stick
86%
Can explode breakable rocks or scatter enemies Bomb
82%
Can create fire to burn or light objects Flame Emitter
82%
Can create an easy portable light source or blind enemies Light
82%
Can make traversing heavy friction terrain (sand, snow) easier Sled
82%
Can make traversing uneven terrain much easier Big Wheel
77%
Can roll across flatter terrain with low friction Cart
77%
Can be used to reflect light as a beam into different directions Mirror
77%
Can blast objects with great force in any direction Rocket
77%
Can send Link or objects high in the air, higher when stacked Spring
77%
Can make zonai devices last much longer without stressing battery Big Battery
73%
Can shoot explosive projectiles to harm enemies or break rocks Cannon
73%
Can create ice to freeze enemies Frost Emitter
73%
Can create portable cooking without need of a static cooking pot Portable Pot
73%
Can create electric currents to shock or power Shock Emitter
73%
Can make traversing flatter terrain much easier Small Wheel
73%
Can create lazers to harm enemies or toggle shrine apparatus Beam Emitter
68%
Can be used as scaffolding to traverse air or water regions easily Hover Stone
68%
Can be used to reorient objects into the intended upright position Stabilizer
59%
Can be used to stick objects or other zonai devices to walls Stake
59%
Can float into the sky to create easy uplifts Balloon
55%
Can be used to observe targeted enemies autonomously Construct Head
55%
Can be used to home in on a targeted enemy autonomously Homing Cart
50%
No matching quizzes found
Score Distribution
Percent of People with Each Score
Percentile by Number Answered
Your Score History
You have not taken this quiz